000 00914pab a2200193 454500
008 180718b1997 xxu||||| |||| 00| 0 eng d
100 _aSingh, S.S.
245 _aIn search of ombudsman - A comment on Lokpal Bill, 1996
260 _c1997
300 _ap.173-180.
362 _aApr-Jun
520 _aWith a brief background on attempts to establish Ombudsman (Lokpal) at national level, and its nature and characteristics visualised in jurisprudence and the ARC Report, the author critically examines various aspects of the current Lokpal Bill, 1996 and offers suggestions pertaining to its composition, term, jurisdiction, procedure of inquiry, etc., which need to be carefully looked into before the Bill's enactment - Reproduced
650 _aLokpal - India
650 _aOmbudsman - India
650 _aOmbudsman
773 _aIndian Journal of Public Administration
908 _aN
909 _a35257
999 _c35257
_d35257